| 000 | 00494nam a2200145Ia 4500 | ||
|---|---|---|---|
| 008 | 100122s9999 xx 000 0 und d | ||
| 082 |
_b11505 _a623.81 |
||
| 100 | _aवझे यशवंत गणेश | ||
| 245 | _aनौका आणि नाविक कथा | ||
| 260 |
_bसुरूचि प्रकाशन _c1962 |
||
| 300 | _a124 | ||
| 630 | _aनौका आणि नाविक कथा | ||
| 730 | _aनौका आणि नाविक कथा | ||
| 942 | _cBOOK | ||
| 999 |
_c402863 _d402860 |
||